Statistics for Warren Harding Presidential Cabinet

Click here to take the quiz!

General Stats

  • This quiz has been taken 7 times
  • The average score is 3 of 13

Answer Stats

Cabinet PositionCabinet Member% Correct
Vice President (1921-1923)Calvin Coolidge
80%
Secretary of the Interior (1921-1923)Albert Fall
40%
Secretary of State (1921-1923)Charles Evans Hughes
40%
Secretary of Commerce (1921-1923)Herbert Hoover
40%
Attorney General (1921-1923)Harry Daugherty
20%
Postmaster General (1922-1923), Secretary of the Interior (1923)Hubert Work
20%
Postmaster General (1921-1922)Will Hays
20%
Secretary of Treasury (1921-1923)Andrew Mellon
0%
Secretary of the Navy (1921-1923)Edwin Denby
0%
Postmaster General (1923)Harry New
0%
Secretary of Agriculture (1921-1923)Henry C. Wallace
0%
Secretary of Labor (1921-1923)James Davis
0%
Secretary of War (1921-1923)John Weeks
0%

Score Distribution

Percentile by Number Answered

Percent of People with Each Score

Your Score History

You have not taken this quiz